| 000 | 00925nam a2200325 a 4500 | ||
|---|---|---|---|
| 003 | AR-BaBNM | ||
| 005 | 20251128203523.0 | ||
| 008 | 082120s2002 ||||||||||||||000 | spa|| | ||
| 040 | _cAR-BaBNM | ||
| 100 | 1 | _aTradatti, Carlos E. | |
| 245 | 0 | 0 | _aAnticongelantes biológicos en Harpafiger Antarticus |
| 260 |
_aBuenos Aires _bDirección Nacional del Antártico _c1983 |
||
| 300 |
_a9 p. _bgráfs., tablas |
||
| 490 | 0 |
_aInstituto Antártico Argentino _vv. 301 |
|
| 504 | _aBibliografía p. 7 | ||
| 650 | 4 | _aREGIONES POLARES | |
| 650 | 4 | _aZONAS CLIMATICAS | |
| 650 | 4 | _aOCEANOGRAFIA | |
| 650 | 4 | _aEXPEDICIONES CIENTIFICAS | |
| 650 | 4 | _aEXPLORACION OCEANICA | |
| 650 | 4 | _aINVESTIGACION CIENTIFICA | |
| 650 | 4 | _aEXPLORACION DE RECURSOS | |
| 650 | 4 | _aANTROPOLOGIA | |
| 650 | 4 | _aHOMBRE | |
| 651 | 4 | _aAntártida | |
| 700 | 1 | _aBadran, Amado F. | |
| 700 | 1 | _aBusatto, Diego | |
| 942 | _cBK | ||
| 998 | _cmariana | ||
| 999 |
_c3762 _d3762 |
||